Никольская Е. С.

Доступно только в Электронных читальных залах Найти на картеНа карте
RUSMARC
00004216nmc2a22002771x 450
001387a1551-f3ee-4254-a12f-6074209d42ab
00520131118234220.0
100##$a20130717l18951901k y0rusy50 ca
1010#$arus
102##$aRU
105##$ay z |||||
2001#$aНикольская Е. С.
$j14 января 1895 - 31 августа 1901
215##$a116 листов
$cмарки, откр.
251##$cДело
300##$aЗаголовок дела на папке: Письма Никольской Екатерины Сергеевны мужу Никольскому Борису Владимировичу
300##$aЛист 10 - рисунок (в нижнем углу). Листы 20, 82 - открытые письма. Листы 43-45 - телеграммы. Листы 46, 47, 50, 51, 64, 65, 73-75, 81, 92, 112 - открытка. Листы 46, 47, 50, 51 (1/2 марки), 64, 65 (2), 73-75, 92, 112 - марка почтовая. Лист 81 - оборвана марка
300##$aРукописный текст
330##$aА. Переписка; IV. Телеграммы от Б. В. Никольского разным лицам
461#0$10011c5950b4-9b17-43ad-92f1-e565a07ae223
$12001
$aНикольский Борис Владимирович, историк права, профессор Юрьевского и Петербургского университетов, один из руководителей главного совета "Русского собрания", поэт, критик
$1251
$cФонд
$1852
$j588
462#0$1001855f2cb0-80f8-42f6-88fa-41bf4837b2b7
$12001
$aНикольский Борис Владимирович. 1837-1919 гг.
$1251
$cОпись
$1852
$j1
517##$aПисьма Никольской Екатерины Сергеевны мужу Никольскому Борису Владимировичу
600#1$aНикольский
$bБ. В.
$gБорис Владимирович
600#1$aНикольская
$bЕ. С.
$gЕкатерина Сергеевна
801#0$aRU
$bGA_RF
801#1$aRU
$bНПО Опыт
$c20130717
$2rusmarc
801#2$aRU
$bПБ им. Б.Н. Ельцина
$c20131118
$gRCR
$2rusmarc
852##$aГА РФ
$j1185
$lб
937##$d41774853
$hПБ
035##$aRuPRLIB51008743
Формат отображения